Online
Catalog

Poesía / (Record no. 1476)

MARC details
000 -CABECERA
campo de control de longitud fija 03543nam a2200289Ka 4500
001 - NÚMERO DE CONTROL
campo de control 000001580
005 - FECHA Y HORA DE LA ÚLTIMA TRANSACCIÓN
campo de control 20200929145627.0
008 - DATOS DE LONGITUD FIJA--INFORMACIÓN GENERAL
campo de control de longitud fija 090623s2000 ve 001 0 spa d
020 ## - NÚMERO INTERNACIONAL ESTÁNDAR DEL LIBRO
Número Internacional Estándar del Libro 9802763217
020 ## - NÚMERO INTERNACIONAL ESTÁNDAR DEL LIBRO
Número Internacional Estándar del Libro 9789802763214
040 ## - FUENTE DE LA CATALOGACIÓN
Centro catalogador/agencia de origen DO-SdBNP
Lengua de catalogación spa
Centro/agencia transcriptor BNPHU
090 ## - LOCALMENTE ASIGNADO TIPO-LC NÚMERO DE CLASIFICACIÓN (OCLC); NÚMERO DE CLASIFICACIÓN LOCAL (RLIN)
Número de clasificación (OCLC) (R) ; Numero de clasificación, CALL (RLIN) (NR) VE 861.44
Número cutter local (OCLC) ; Número de libro/Signatura topográfica íntegra, CALL (RLIN) L431
100 1# - ENTRADA PRINCIPAL--NOMBRE DE PERSONA
Nombre de persona Lazo Martí, Francisco,
Fechas asociadas al nombre 1869-1909
9 (RLIN) 5172
245 10 - MENCIÓN DE TÍTULO
Título Poesía /
Mención de responsabilidad, etc. Francisco Lazo Martí ; selección José Ramón Medina, Carlos César Rodríguez ; prólogo y cronología Carlos César Rodríguez ; bibliografía María Beatriz Medina, Carlos César Rodríguez.
260 ## - PUBLICACIÓN, DISTRIBUCIÓN, ETC.
Lugar de publicación, distribución, etc. Caracas :
Nombre del editor, distribuidor, etc. Biblioteca Ayacucho,
Fecha de publicación, distribución, etc. 2000.
300 ## - DESCRIPCIÓN FÍSICA
Extensión xliii, 103 p. ;
Dimensiones 25 cm.
490 1# - MENCIÓN DE SERIE
Mención de serie Biblioteca Ayacucho ;
Designación de volumen o secuencia 219
500 ## - NOTA GENERAL
Nota general Incluye cronología biográfica del autor: p. 89-98
500 ## - NOTA GENERAL
Nota general Publicación en homenaje al centenario de Silva Criolla (1901-2001).
504 ## - NOTA DE BIBLIOGRAFÍA, ETC.
Nota de bibliografía, etc. Incluye referencias bibliográficas : p. 101-104
505 0# - NOTA DE CONTENIDO CON FORMATO
Nota de contenido con formato Prólogo / Carlos César Rodríguez -- Criterio de esta edición -- Silva Criolla a un bardo amigo -- Crepusculares -- En estas horas crepusculares -- Cielo azul, verde pampa, claro río -- A través del discreto claro-oscuro -- "Mira" -le dijo-, y bosquejó su dedo -- En amar un color cifras tu anhelo -- Hermanos por costumbre un tiempo fuimos -- Unos aman tus ojos por que dicen -- Ya no vienen a ti los que de hinojos -- Blanca y pulida la combada frente -- Cuando a mirarla revolví mis huellas -- Baja la gota sobre el estambre -- Queriendo alegre celebrar sus bodas -- "Nos vamos a casar", dice Maruja -- ¡Escúchame, aquí estoy! del rayo herido -- Milagro del amor, sobre los nidos -- ¡Tú sufres, mi esperanza! De tu duelo -- ¡Oh cuánta luz en los cristianos templos! -- No sabe el corazón porque palpita -- Posan de nuevo en el playón lejano -- ¡Nadie clamó piedad! rudo y violento -- Aquí, junto a las aguas del recodo -- Detrás: la margen del sagrado río -- Por ley eterna que el amor combina -- ¿Por qué te quejas de que el sol airado -- El mundo es el gran circo sin salida -- Por fuerza inmaterial que amor entraña -- En las ramas del verde limonero -- Nadie en lo firme del peñasco crea -- Rubio niño del mórbido contorno -- No hay tálamo más bello que esa rama -- Rimó de su pasión versos divinos -- Símbolo de piedad, en las quebradas -- A la mano implacable que le acosa -- Todo queda a la postre confundido -- Cuando todo es tinieblas en el cielo -- ¡Tres años han pasado! Y siempre viste -- Hay seres triste que el dolor abate -- Hay tristezas que viven en la sombra -- En luz crepuscular ya se amortaja -- Por pena impuesta a mi primer delito -- La vida es el contraste. No me asombra -- La vida inagotable de sus dones -- En vano es el ardor a que se entrega -- Tu fanal es virtud. El fanal tuyo -- Cada vez que resuelto he descendido -- ¡Tu vida, trovador, breve termina! -- OTROS POEMAS -- Vespertina -- Almas en pena -- ...
505 0# - NOTA DE CONTENIDO CON FORMATO
Nota de contenido con formato ... Visión postrera -- Cual orores maduros -- Amor sorprendido -- Flor del camino -- Consuelo -- Acuarela -- Flor de pascua -- Fidelidad -- Himno eterno -- ¡Oh noche! -- Melancolía -- Hojas de hiedra -- Crepúsculo -- Canción de las olas -- La bandera de la patria -- Veguera -- Estival -- De primavera -- Invierno -- Patria la mestiza -- Destinos : I.El Coleador -- II.El Cantador -- Cronología -- Bibliografía.
700 1# - PUNTO DE ACCESO ADICIONAL--NOMBRE DE PERSONA
Nombre de persona Rodríguez, Carlos César,
Término indicativo de función/relación pról.
9 (RLIN) 5173
700 1# - PUNTO DE ACCESO ADICIONAL--NOMBRE DE PERSONA
Nombre de persona Medina, José Ramón.
9 (RLIN) 5174
700 1# - PUNTO DE ACCESO ADICIONAL--NOMBRE DE PERSONA
Nombre de persona Medina, María Beatriz.
9 (RLIN) 5175
830 #0 - PUNTO DE ACCESO ADICIONAL DE SERIE-TÍTULO UNIFORME
Título uniforme Biblioteca Ayacucho ;
Número de parte o sección de la obra 219
9 (RLIN) 5176
Holdings
Estado de retiro Estado de pérdida Restricciones de uso No para préstamo Código de colección Localización permanente Ubicación/localización actual Ubicación en estantería Fecha de adquisición Número de inventario Total de préstamos Signatura topográfica completa Código de barras Fecha visto por última vez Precio válido a partir de Tipo de ítem Koha
      Excluido de préstamo Monografías: Libros y Folletos General General Depósito 22.09.2009 LF1   1580-10 25.06.2020 25.06.2020 No se presta

Powered by Koha